Election recorder (Record no. 6857)

MARC details
000 -LEADER
fixed length control field 00775 a2200205 4500
005 - DATE AND TIME OF LATEST TRANSACTION
control field 20080908165618.0
008 - FIXED-LENGTH DATA ELEMENTS--GENERAL INFORMATION
fixed length control field 080908t xxu||||| |||| 00| 0 eng d
010 ## - LIBRARY OF CONGRESS CONTROL NUMBER
LC control number ENG-87692
020 ## - INTERNATIONAL STANDARD BOOK NUMBER
Terms of availability 950.00
035 ## - SYSTEM CONTROL NUMBER
System control number EN-71225
037 ## - SOURCE OF ACQUISITION
Source of stock number/acquisition DBAD / PUB
082 ## - DEWEY DECIMAL CLASSIFICATION NUMBER
Classification number 324.95452
100 ## - MAIN ENTRY--PERSONAL NAME
Personal name Banerjee, Dilip
245 ## - TITLE STATEMENT
Title Election recorder
Remainder of title an analytical reference
Statement of responsibility, etc by Dilip Banerjee
260 ## - PUBLICATION, DISTRIBUTION, ETC. (IMPRINT)
Place of publication, distribution, etc Kolkata
Name of publisher, distributor, etc Star Publishing House
Date of publication, distribution, etc 2006
270 ## - ADDRESS
Address 26/1A/H-3, Dr. Subhash Lane
City Kolkata
Postal code 700 002
300 ## - PHYSICAL DESCRIPTION
Extent xx, 907 p.
Dimensions 24 cm ( Hb.)
942 ## - ADDED ENTRY ELEMENTS (KOHA)
Institution code [OBSOLETE] dpl
Koha item type English Books
Call number prefix 324.95452/BAN
Source of classification or shelving scheme Dewey Decimal Classification
Classification part 324.95452
Call number suffix BAN
Holdings
Withdrawn status Lost status Damaged status Not for loan Collection code Home library Current library Date acquired Cost, normal purchase price Total Checkouts Full call number Barcode Date last seen Copy number Uniform Resource Identifier Cost, replacement price Price effective from Koha item type
      Not For Loan Non-fiction D.B.Act.Division D.B.Act.Division 08/09/2008 950.00   324.95452 BAN EN-71225 15/09/2008 1 7361 950.00 15/09/2008 English Books

© Delhi Public Library
Hit Counter
free hit counter